Kinh Thi

Đã lưu trong:
Bibliografiske detaljer
Hovedforfatter: Kinh Thi
Format: Bog
Sprog:Undetermined
Udgivet: Tp. HCM Nxb. Tp. HCM 1995
Fag:
Tags: Tilføj Tag
Ingen Tags, Vær først til at tagge denne postø!
Thư viện lưu trữ: Trung tâm Học liệu Trường Đại học Cần Thơ
LEADER 00500nam a2200181Ia 4500
001 CTU_8274
008 210402s9999 xx 000 0 und d
082 |a 895.11 
082 |b T105 
100 |a Kinh Thi 
245 0 |a Kinh Thi 
245 0 |c Kinh Thi, Tản Đà Nguyễn Khắc Hiếu 
260 |a Tp. HCM 
260 |b Nxb. Tp. HCM 
260 |c 1995 
650 |a chinese poetry 
904 |i Nguyễn Quang Điền, 960912 
980 |a Trung tâm Học liệu Trường Đại học Cần Thơ